000 01229nam a2200253 i 4500
003 DO-SdBNP
005 20250728145743.0
007 ta
008 250728b2015 dr ||||| |||| 00| 0 spa d
040 _aDO-SdBNP
_bspa
_cBNPHU
_erda
041 _aspa
082 4 _axxx
_bR426a 2001
_222
110 1 _aRepública Dominicana.
_bComisionado de Apoyo a la Reforma y Modernización de la Justicia.
_917179
245 _aAnteproyecto del Nuevo Código penal de la República Dominicana /
_cdiagramación Sergio A. Ortiz V. ; portada Willian Ramírez ; presentación Enríque García ; comisión revisora y actualizadora Artagnán Pérez Méndez, coordinador, Ramón Andrés Blanco F., Víctor José Castellanos E., Mercedes Cosme de Gonell y José Lorenzo Fermín.
264 4 _aSanto Domingo, República Dominicana :
_bComisionado de Apoyo a la Reforma y Modernización : Libreria Jurídica Virtual,
_bEdiciones Jurídicas Trajano Potentini,
_c©2001.
300 _a288 páginas ;
_c21 cm
336 _atexto
_btxt
_2rdacontent
337 _asin mediación
_bn
_2rdamedia
338 _avolumen
_bnc
_2rdacarrier
590 _aInventariado, 2025 /LP
700 1 _aPérez Méndez, Artagnan,
_988447
910 _aLP
942 _2ddc
_cLBS1
999 _c59656
_d59656